Statistics for West Ham United Managers

Click here to take the quiz!

General Stats

  • This quiz has been taken 508 times
    (385 since last reset)
  • The average score is 10 of 17

Answer Stats

YearsAnswer% Correct
1994-01Harry Redknapp
84%
2015-presentSlaven Bilic
82%
2003-06Alan Pardew
75%
2011-15Sam Allardyce
75%
1990-94Billy Bonds
71%
2008-10Gianfranco Zola
69%
2003 (c)Trevor Brooking
66%
1961-74Ron Greenwood
65%
2006-08Alan Curbishley
63%
2010-11Avram Grant
63%
1974-89John Lyall
61%
2001-03Glenn Roeder
55%
1989-90Lou Macari
43%
2008 (c)Kevin Keen
28%
2011 (c)Kevin Keen
28%
1950-61Ted Fenton
24%
1990 (c)Ronnie Boyce
9%

Score Distribution

Percentile by Number Answered

Percent of People with Each Score

Your Score History

You have not taken this quiz since the last reset